zpět

Detail výsledku týmu

Bridge Bar, Týn nad Vltavou

Datum a čas kvízu

19 Celkem bodů Celkový počet nahraných bodů na tomto kvízu bez doplňovacích otázek.
3. Pořadí na kvízu Konečné umístění týmu na tomto kvízu.

Zaznamenané odpovědi

# Otázka Odpověď Body Výsledky
1. Ministryně obrany v demisi Kar... 0
2. Prostořeký prezident USA Donal... 0
3. Ve středu 17. ledna byly oznám... 0
4. Modelová řada automobilky Škod... 0
5. Česká rychlobruslařka Karolína... 1
6. Abychom se mohli ohřát u ohně,... 0
7. Firework, tedy Ohňostroj, je h... 1
8. Ohňová země je souostroví u ji... 0
5. Ohníček byl časopis pro děti a... 0
5. Napište název jevu související... 0